Después del manglar : Teatro /
Guardat en:
| Autor principal: | |
|---|---|
| Format: | Desconegut |
| Idioma: | Spanish |
| Publicat: |
Panamá :
INCUDE,
1972.
|
| Matèries: | |
| Etiquetes: |
Afegir etiqueta
Sense etiquetes, Sigues el primer a etiquetar aquest registre!
|
MARC
| LEADER | 000000000a22000000004500 | ||
|---|---|---|---|
| 001 | 002557 | ||
| 041 | 0 | |a spa | |
| 082 | 0 | 4 | |a P862.4 |b Ch425d |
| 100 | 1 | |a Chong Ruiz, Eustorgio Antonio, |d 1934- | |
| 245 | 1 | 0 | |a Después del manglar : |b Teatro / |c Eustorgio Antonio Chong Ruiz. |
| 260 | 1 | |a Panamá : |b INCUDE, |c 1972. | |
| 300 | |a 93 páginas ; |c 21 cm. | ||
| 650 | 4 | |a LITERATURA PANAMEÑA | |
| 650 | 4 | |a TEATRO | |
| 999 | |c 8945 |d 8945 | ||
| 942 | |c BK |h P862.4 Ch425d |2 z | ||
